Principles of fermentation technology. (Record no. 162939)
[ view plain ]
| 000 -LEADER | |
|---|---|
| fixed length control field | 00580nam a2200217Ia 4500 |
| 003 - CONTROL NUMBER IDENTIFIER | |
| control field | OSt |
| 005 - DATE AND TIME OF LATEST TRANSACTION | |
| control field | 20230617110916.0 |
| 008 - FIXED-LENGTH DATA ELEMENTS--GENERAL INFORMATION | |
| fixed length control field | 210423s1997 xx 000 0 und d |
| 020 ## - INTERNATIONAL STANDARD BOOK NUMBER | |
| International Standard Book Number | 8185353425 |
| 040 ## - CATALOGING SOURCE | |
| Transcribing agency | AL |
| 041 ## - LANGUAGE CODE | |
| Language code of text/sound track or separate title | eng |
| 082 ## - DEWEY DECIMAL CLASSIFICATION NUMBER | |
| Classification number | 663.13 STAP |
| 100 ## - MAIN ENTRY--PERSONAL NAME | |
| Personal name | STANBURY (P F);others. |
| 9 (RLIN) | 95835 |
| 245 ## - TITLE STATEMENT | |
| Title | Principles of fermentation technology. |
| 260 ## - PUBLICATION, DISTRIBUTION, ETC. | |
| Place of publication, distribution, etc. | New York |
| Name of publisher, distributor, etc. | Aditya Books (P) Ltd |
| Date of publication, distribution, etc. | 1997 |
| 300 ## - PHYSICAL DESCRIPTION | |
| Extent | xviii,357 |
| Other physical details | HB |
| 365 ## - TRADE PRICE | |
| Price amount | 625 |
| Currency code | INR |
| 650 ## - SUBJECT ADDED ENTRY--TOPICAL TERM | |
| Topical term or geographic name entry element | Beverage Technology |
| 9 (RLIN) | 95836 |
| 906 ## - LOCAL DATA ELEMENT F, LDF (RLIN) | |
| a | fermentation ; Principles ; technology |
| 942 ## - ADDED ENTRY ELEMENTS (KOHA) | |
| Source of classification or shelving scheme | Dewey Decimal Classification |
| Koha item type | Book |
| Withdrawn status | Lost status | Damaged status | Not for loan | Collection code | Home library | Current library | Date acquired | Source of acquisition | Cost, normal purchase price | Total Checkouts | Full call number | Barcode | Date last seen | Date last checked out | Price effective from | Koha item type |
|---|---|---|---|---|---|---|---|---|---|---|---|---|---|---|---|---|
| Bio Technology | St Aloysius PG Library | St Aloysius PG Library | 09/01/2003 | Yashaswi Enterprises | 625.00 | 1 | 663.13 STAP | PG009433 | 08/24/2022 | 10/13/2021 | 04/26/2021 | Book | ||||
| Bio Technology | St Aloysius PG Library | St Aloysius PG Library | 09/01/2003 | Yashaswi Enterprises | 625.00 | 663.13 STAP | PG009434 | 08/24/2022 | 04/26/2021 | Reference | ||||||
| Bio Technology | St Aloysius PG Library | St Aloysius PG Library | 11/09/2016 | 663.13 STAP | PG017800 | 08/24/2022 | 04/26/2021 | Book | ||||||||
| Bio Technology | St Aloysius PG Library | St Aloysius PG Library | 11/09/2016 | 663.13 STAP | PG017801 | 08/24/2022 | 04/26/2021 | Book | ||||||||
| Bio Technology | St Aloysius PG Library | St Aloysius PG Library | 03/17/2017 | 663.13 STAP | PG017802 | 08/24/2022 | 04/26/2021 | Book | ||||||||
| Bio Technology | St Aloysius PG Library | St Aloysius PG Library | 03/17/2017 | 625.00 | 663.13 STAP | PG017803 | 08/24/2022 | 04/26/2021 | Book | |||||||
| Bio Technology | St Aloysius PG Library | St Aloysius PG Library | 03/17/2017 | 663.13 STAP | PG017804 | 08/24/2022 | 04/26/2021 | Book | ||||||||
| Bio Technology | St Aloysius PG Library | St Aloysius PG Library | 03/17/2017 | 663.13 STAP | PG017805 | 08/24/2022 | 04/26/2021 | Book |